000 00585caa a22002412a 4500
001 000706
003 AR-FADEU
008 311216n############xxu####################dd
092 _aPP(307)BOL
100 _aCuenya, B.
245 _bDe la villa al barrio autoconstruido. Argentina
245 _aBoletín de medio ambiente y urbanización
300 _a4-10
440 _v2
440 _n5
260 _cdic 1983
650 _aMEDIO AMBIENTE
650 _aBARRIO
650 _aVILLA; BARRIO
650 _aURBANIZACION; VILLA
650 _aURBANIZACION
942 _cPPGR
999 _c3484
_d3484